LIBRARY & INFORMATION CENTRE, KCAET, TAVANUR

ONLINE PUBLIC ACCESS CATALOGUE (OPAC)

Solar Energy: Principles of Thermal Collection and Storage (Record no. 7169)

MARC details
000 -LEADER
fixed length control field 00428cam a2200157ua 4500
020 ## - INTERNATIONAL STANDARD BOOK NUMBER
ISBN 9780070260641
082 ## - DEWEY DECIMAL CLASSIFICATION NUMBER
Classification number 621.47
Item number SUK/SO
100 ## - MAIN ENTRY--AUTHOR NAME
Personal name Sukhatme, Suhas P .
100 ## - MAIN ENTRY--AUTHOR NAME
Personal name Nayak, J.K
245 ## - TITLE STATEMENT
Title Solar Energy: Principles of Thermal Collection and Storage
250 ## - EDITION STATEMENT
Edition statement 2 / 3
260 ## - PUBLICATION, DISTRIBUTION, ETC. (IMPRINT)
Place of publication New Delhi :
Name of publisher McGraw Hill Education (India) Private limited
Year of publication 2014
300 ## - PHYSICAL DESCRIPTION
Number of Pages 431
500 ## - GENERAL NOTE
General note * CSS
942 ## - ADDED ENTRY ELEMENTS (KOHA)
Koha item type Books
Holdings
Withdrawn status Lost status Damaged status Home library Current library Date acquired Full call number Accession Number Koha item type Shelving location Collection code Source of acquisition Cost, normal purchase price
      KAUAET KAUAET 07/04/2012 621.47 19772 Books        
      KAUAET KAUAET 07/04/2012 621.47 20343 Books Binding Shelf      
      KAUAET KAUAET 07/04/2012 621.47 19408 Books        
      KAUAET KAUAET 07/04/2012 621.47 19961 Books        
      KAUAET KAUAET 02/07/2016 621.47 SUK/SO 25013 Books General Stacks   Neoti Book Agency Pvt Ltd, New Delhi 499.00
      KAUAET KAUAET 30/03/2017 621.47 SUK/SO 25419 Books General Stacks   Vigyan Books, Delhi 525.00
      KAUAET KAUAET 30/03/2017 621.47 SUK/SO 25420 Books General Stacks   Vigyan Books, Delhi 525.00
      KAUAET KAUAET 30/03/2017 621.47 SUK/SO 25421 Books General Stacks   Vigyan Books, Delhi 525.00
free website counter